| 000 | 01282nam a22003254a 4500 | ||
|---|---|---|---|
| 001 | ebr10069615 | ||
| 003 | CaPaEBR | ||
| 006 | m u | ||
| 007 | cr cn||||||||| | ||
| 008 | 030515s2003 maua s 000 0 eng | ||
| 010 | _z 2003053045 | ||
| 020 | _z1402075014 (alk. paper) | ||
| 040 |
_aCaPaEBR _cCaPaEBR |
||
| 035 | _a(OCoLC)614640398 | ||
| 050 | 1 | 4 |
_aQA76.54 _b.U45 2003eb |
| 082 | 0 | 4 |
_a004/.33 _221 |
| 245 | 0 | 0 |
_aUML for real _h[electronic resource] : _bdesign of embedded real-time systems / _cedited by Luciano Lavagno, Grant Martin, Bran Selic. |
| 260 |
_aBoston : _bKluwer Academic Publishers, _c2003. |
||
| 300 |
_axiii, 370 p. : _bill. |
||
| 533 |
_aElectronic reproduction. _bPalo Alto, Calif. : _cebrary, _d2013. _nAvailable via World Wide Web. _nAccess may be limited to ebrary affiliated libraries. |
||
| 650 | 0 | _aReal-time data processing. | |
| 650 | 0 |
_aEmbedded computer systems _xProgramming. |
|
| 650 | 0 | _aUML (Computer science) | |
| 655 | 7 |
_aElectronic books. _2local |
|
| 700 | 1 |
_aLavagno, Luciano, _d1959- |
|
| 700 | 1 |
_aMartin, Grant _q(Grant Edmund) |
|
| 700 | 1 | _aSelic, Bran. | |
| 710 | 2 | _aebrary, Inc. | |
| 856 | 4 | 0 |
_uhttp://site.ebrary.com/lib/rucke/Doc?id=10069615 _zAn electronic book accessible through the World Wide Web; click to view |
| 999 |
_c29398 _d29398 |
||